Dobyvatel

Bibliographic Details
Main Author: Olbracht, Ivan, 1882-1952 (Author)
Format: Book
Language:Undetermined
PhysicalDescription:593 s.
Published: Praha Československý spisovatel 1976

MARC

LEADER 00000nam a2200000 a 4500
001 vtls001263410
003 SK-MaSNL
005 20260302065441.0
008 240315s1976 xx 0 und
035 |a SNK000214316 
040 |a SNK  |b slo  |c SNK  |e AACR2 
100 1 |a Olbracht, Ivan,  |d 1882-1952  |4 aut  |9 120924 
245 1 |a Dobyvatel 
260 |a Praha  |b Československý spisovatel  |c 1976 
300 |a 593 s. 
958 |a OND 
999 |c 1141997  |d 1143927 
952 |t P60, <04>, [BOOK], {604}  |a SNK  |b SNK  |y VYP  |7 0  |p 17A0014510  |o snkIC 66619 D1  |0 0  |1 1  |4 0  |d 1996-10-15  |l 0  |r 2005-01-01 00:00:00  |w 2026-02-24